Statistics for European Countries with more than 10 Million People

Click here to take the quiz!

General Stats

  • This quiz has been taken 118 times
  • The average score is 14 of 15

Answer Stats

DatePopulationCountry% Correct
110067 mFrance
100%
185082 mGermany
100%
1650146 mRussia
100%
180066 mUnited Kingdom
100%
150060 mItaly
99%
180046 mSpain
99%
198510 mPortugal
98%
190538 mPoland
97%
201710 mSweden
97%
198710 mGreece
94%
183042 mUkraine
94%
191819 mRomania
93%
195017 mNetherlands
91%
199111 mBelgium
90%
197510 mCzech Republic
86%

Score Distribution

Percentile by Number Answered

Percent of People with Each Score

Your Score History

You have not taken this quiz